Sports Quiz

Random Sports Quiz

Edge WWF/E PPV Opponents 2002-2009 Quiz Stats

 Plays Quiz not verified by Sporcle

Challenge
Share
Tweet
Embed
Score 0/117 Timer 15:00
0 Plays Today
PPV Opponent % Correct
Royal Rumble 2005John Cena
98.8%
New Year's Revolution 2006John Cena
97.3%
Royal Rumble 2006John Cena
97.3%
Backlash 2006John Cena
97.3%
SummerSlam 2006John Cena
97.3%
Unforgiven 2006John Cena
97.3%
Backlash 2007John Cena
97.3%
No Way Out 2009John Cena
97.3%
WrestleMania XXVJohn Cena
97.3%
Backlash 2009John Cena
97.3%
Armageddon 2007The Undertaker
96.7%
WrestleMania XXIVThe Undertaker
96.7%
Backlash 2008The Undertaker
96.7%
Judgment Day 2008The Undertaker
96.7%
One Night StandThe Undertaker
96.7%
SummerSlam 2008The Undertaker
96.7%
No Way Out 2009The Undertaker
96.7%
No Way Out 2009Triple H
96.4%
Survivor Series 2006Jeff Hardy
95.9%
WrestleMania 23Jeff Hardy
95.9%
Armageddon 2008Jeff Hardy
95.9%
Royal Rumble 2009Jeff Hardy
95.9%
No Way Out 2009Jeff Hardy
95.9%
Judgment Day 2009Jeff Hardy
95.9%
Extreme Rules 2009Jeff Hardy
95.9%
Vengeance 2004Randy Orton
95.8%
Survivor Series 2004Randy Orton
95.8%
New Year's Revolution 2005Randy Orton
95.8%
WrestleMania 23Randy Orton
95.8%
Backlash 2007Randy Orton
95.8%
SummerSlam 2005Matt Hardy
95.7%
Unforgiven 2005Matt Hardy
95.7%
Survivor Series 2006Matt Hardy
95.7%
WrestleMania 23Matt Hardy
95.7%
New Year's Revolution 2005Triple H
95.6%
Backlash 2006Triple H
95.6%
Cyber Sunday 2006Triple H
95.6%
Survivor Series 2006Triple H
95.6%
New Year's Revolution 2007Triple H
95.6%
PPV Opponent % Correct
The Great American Bash 2008Triple H
95.6%
Survivor Series 2008Triple H
95.6%
Armageddon 2008Triple H
95.6%
Backlash 2004Kane
95.5%
WrestleMania 21Kane
95.5%
Vengeance 2005Kane
95.5%
No Way Out 2009Kane
95.5%
Vengeance 2002Christian
95.4%
WrestleMania 21Christian
95.4%
Royal Rumble 2003Chris Jericho
95%
SummerSlam 2004Chris Jericho
95%
Survivor Series 2004Chris Jericho
95%
New Year's Revolution 2005Chris Jericho
95%
WrestleMania 21Chris Jericho
95%
No Way Out 2009Chris Jericho
95%
SummerSlam 2004Batista
93.4%
New Year's Revolution 2005Batista
93.4%
Judgment Day 2007Batista
93.4%
One Night Stand 2007Batista
93.4%
Vengeance: Night of ChampionsBatista
93.4%
Armageddon 2007Batista
93.4%
Night of Champions 2008Batista
93.4%
Backlash 2002Kurt Angle
92.1%
Judgment Day 2002Kurt Angle
92.1%
No Mercy 2002Kurt Angle
92.1%
Survivor Series 2002Kurt Angle
92.1%
No Mercy 2002Chris Benoit
90%
Survivor Series 2002Chris Benoit
90%
Survivor Series 2004Chris Benoit
90%
New Year's Revolution 2005Chris Benoit
90%
WrestleMania 21Chris Benoit
90%
Backlash 2005Chris Benoit
90%
Royal Rumble 2005Shawn Michaels
89.3%
Cyber Sunday 2006Shawn Michaels
89.3%
Survivor Series 2006Shawn Michaels
89.3%
New Year's Revolution 2007Shawn Michaels
89.3%
Royal Rumble 2007Shawn Michaels
89.3%
Backlash 2007Shawn Michaels
89.3%
Royal Rumble 2008Rey Mysterio
89.2%
PPV Opponent % Correct
No Way Out 2008Rey Mysterio
89.2%
No Way Out 2009Rey Mysterio
89.2%
No Way Out 2009The Big Show
89%
WrestleMania XXVThe Big Show
89%
Survivor Series 2006CM Punk
86%
WrestleMania 23CM Punk
86%
SummerSlam 2002Eddie Guerrero
84.1%
Unforgiven 2002Eddie Guerrero
84.1%
Survivor Series 2002Eddie Guerrero
84.1%
WrestleMania 21Shelton Benjamin
84%
Survivor Series 2002Chavo Guerrero
82.1%
WrestleMania 22Mick Foley
82%
Vengeance 2006Rob Van Dam
81.9%
New Year's Revolution 2006Ric Flair
81.2%
WrestleMania X8Booker T
80.4%
WrestleMania 23King Booker
80.4%
Royal Rumble 2002William Regal
77%
No Way Out 2002William Regal
77%
The Bash 2009Carlito
74.1%
Rebellion 2002Brock Lesnar
72.6%
ECW One Night Stand 2006Tommy Dreamer
69.8%
WrestleMania 23Mr. Kennedy
67.7%
WrestleMania 23Finlay
66.8%
The Bash 2009Primo
65.3%
Vengeance 2002Lance Storm
65%
The Bash 2009Cody Rhodes
64.2%
The Bash 2009Ted DiBiase
63.4%
Survivor Series 2008Vladimir Kozlov
57.5%
No Way Out 2009Vladimir Kozlov
57.5%
ECW One Night Stand 2006Terry Funk
57.1%
Rebellion 2002Paul Heyman
51.1%
No Way Out 2009Mike Knox
46.5%
ECW One Night Stand 2006Beulah McGillicutty
45.6%
Survivor Series 2004Maven
43.7%
Bad Blood 2004Rob Conway
42.2%
Taboo Tuesday 2004Rob Conway
42.2%
Armageddon 2002A-Train
40.7%
Bad Blood 2004Sylvain Grenier
40.3%
Taboo Tuesday 2004Sylvain Grenier
40.3%

You're not logged in!

Compare scores with friends on all Sporcle quizzes.
OR
Log In

You Might Also Like...

Show Comments

Extras

Top Quizzes Today


Score Distribution

Your Account Isn't Verified!

In order to create a playlist on Sporcle, you need to verify the email address you used during registration. Go to your Sporcle Settings to finish the process.

Report this User

Report this user for behavior that violates our Community Guidelines.

Details: